000 00765nam a22002175i 4500
001 54336
003 ES-MaACL
005 20251011063107.0
007 t|
008 960718s1892 it ||||1| ita d
040 _aCAM
_bspa
_cCAM
100 1 _aFogazzaro, Antonio,
_d1842-1911
_951409
245 1 0 _aPer un recente raffronto delle teorie di S. Agostino e di Darwin circa la creazione /
_cAntonio Fogazzaro.
250 _a6ª. ed.
260 _aMilano :
_bLibreria editrice Galli di C. Chiesa e F. Guindani,
_c1892 (
_fTipografia cooperativa Insubria)
300 _a111 p. ;
_c17 cm.
600 0 4 _aAgustín
_cSanto, Obispo de Hipona.
_9125563
600 1 4 _aDarwin, Charles,
_d1809-1882
_942770
852 _aES-MaACL
_jF-9009
999 _c54336
_d54336